| 000 | 00000nam 2200000zi 4500 |
| 001 | 9.936902 |
| 003 | CaOODSP |
| 005 | 20240416153150 |
| 006 | m o d f |
| 007 | cr |n||||||||| |
| 008 | 240416e19820330onc o f000 0 fre d |
| 040 | |aCaOODSP|bfre|erda|cCaOODSP |
| 043 | |an-cnm |
| 086 | 1 |aC23-257/1982F-PDF |
| 245 | 00|aRapport du Groupe de travail chargé des ententes-cadres de développement / |bGouvernement du Canada. |
| 264 | 1|a[Ottawa] : |b[Ministère de l'expansion industrielle régionale], |c30 mars 1982. |
| 300 | |a1 ressource en ligne (1 volume (en pagination multiple)) |
| 336 | |atexte|btxt|2rdacontent/fre |
| 337 | |ainformatique|bc|2rdamedia/fre |
| 338 | |aressource en ligne|bcr|2rdacarrier/fre |
| 500 | |aPublié aussi en anglais sous le titre : Report of the General Development Agreements Task Force. |
| 500 | |aÉdition numérisée de l'imprimé [par Innovation, sciences et développement économique Canada]. |
| 650 | 6|aAide au développement économique régional|zCanada. |
| 651 | 6|aCanada|xConditions économiques. |
| 710 | 1 |aCanada. |bMinistère de l'expansion industrielle régionale, |eorganisme de publication. |
| 775 | 08|tReport of the General Development Agreements Task Force / |w(CaOODSP)9.897453 |
| 856 | 40|qPDF|s677 Ko|uhttps://publications.gc.ca/collections/collection_2024/isde-ised/c23/C23-257-1982-fra.pdf |